[Event "EIWCC 2003"]
[Site "?"]
[Date "2003.06.13"]
[Round "11.19"]
[White "Khurtsidze, Nino"]
[Black "Voiska, Margarita"]
[Result "1-0"]
[WhiteElo "2427"]
[BlackElo "2354"]
[PlyCount "107"]
[EventDate "2003.??.??"]

1. Nf3 Nf6 2. c4 c6 3. d4 d5 4. e3 Bf5 5. Nc3 e6 6. Nh4 Bg6 7. Qb3 Qc7 8. Nxg6
hxg6 9. g3 Nbd7 10. cxd5 exd5 11. Bg2 Be7 12. O-O O-O 13. Qc2 Nb6 14. a4 a5 15.
b3 Qd7 16. Bb2 Rfe8 17. f3 Bf8 18. Qf2 Rad8 19. Rfe1 Nc8 20. Bf1 Qc7 21. Bd3
Qb6 22. Be2 c5 23. Nb5 Na7 24. Bd3 Nc6 25. Rac1 cxd4 26. exd4 Bb4 27. Rxe8+
Rxe8 28. Kg2 Qd8 29. Na3 Qd6 30. Nc2 Re6 31. Bb5 Qe7 32. Rd1 Na7 33. Bf1 Nc6
34. Nxb4 Qxb4 35. Qc2 Re3 36. Rd3 Qe7 37. Kf2 Rxd3 38. Qxd3 g5 39. g4 Qd6 40.
Kg2 Qf4 41. Qc3 Nh7 42. Bb5 Na7 43. Bc1 Qf6 44. Ba3 Qd8 45. Bd3 g6 46. Qc5 Nc8
47. Qb5 b6 48. Qc6 Nf8 49. Qa8 Qc7 50. Bxf8 Kxf8 51. Ba6 Qc2+ 52. Kg3 Qd2 53.
Qxc8+ Kg7 54. Qe8 1-0

[Event "EIWCC 2003"]
[Site "?"]
[Date "2003.06.13"]
[Round "11.20"]
[White "Petrenko, Svetlana"]
[Black "Prudnikova, Svetlana"]
[Result "1-0"]
[WhiteElo "2348"]
[BlackElo "2426"]
[PlyCount "63"]
[EventDate "2003.??.??"]

1. e4 c5 2. Nf3 e6 3. d4 cxd4 4. Nxd4 Nf6 5. Nc3 d6 6. Be2 Be7 7. O-O Nc6 8.
Be3 a6 9. a4 O-O 10. Kh1 Qc7 11. f4 Re8 12. Nb3 b6 13. Bf3 Rb8 14. Qe2 Na5 15.
Rad1 Bb7 16. Qf2 Nc4 17. Bc1 Ba8 18. Nd4 Bf8 19. b3 Na5 20. Bb2 e5 21. Nf5 b5
22. axb5 axb5 23. Nd5 Bxd5 24. exd5 e4 25. Qg3 g6 26. Qg5 Nd7 27. Nh6+ Bxh6 28.
Qxh6 f6 29. Bg4 Qxc2 30. Be6+ Kh8 31. Rb1 Rb7 32. Bf7 1-0

[Event "EIWCC 2003"]
[Site "?"]
[Date "2003.06.13"]
[Round "11.22"]
[White "Djingarova, Emilia"]
[Black "Dworakowska, Joanna"]
[Result "0-1"]
[WhiteElo "2310"]
[BlackElo "2387"]
[PlyCount "190"]
[EventDate "2003.??.??"]

1. e4 c5 2. Nf3 Nc6 3. d4 cxd4 4. Nxd4 Nf6 5. Nc3 d6 6. Be2 e5 7. Nb3 Be7 8.
O-O O-O 9. Kh1 a5 10. a4 Nb4 11. f4 b6 12. Bf3 Bb7 13. Qe2 Rc8 14. Rd1 Qc7 15.
Be3 Bc6 16. Qf2 Rb8 17. Rac1 Qb7 18. Nd2 Rfe8 19. Qg3 Na6 20. fxe5 dxe5 21. Bh6
Bf8 22. Nc4 Re6 23. Nxe5 Bxe4 24. Nxe4 Nxe4 25. Bxe4 Qxe4 26. Bf4 Rbe8 27. Ng4
Qg6 28. Rf1 Nc5 29. b3 Ne4 30. Qf3 Bc5 31. Rcd1 h5 32. Ne3 Nf6 33. Nd5 Nxd5 34.
Rxd5 Re1 35. Rd1 Rxf1+ 36. Rxf1 Qxc2 37. Bd6 Qg6 38. Bxc5 bxc5 39. h3 h4 40.
Qf5 Qxf5 41. Rxf5 Re1+ 42. Kh2 Rc1 43. Rh5 Rc3 44. Rxh4 Rxb3 45. Rc4 Rb4 46.
Rxc5 Rxa4 47. Rc7 Rb4 48. Ra7 a4 49. Kg1 g6 50. Kf2 Kg7 51. Ra6 Kh6 52. Kg1 Kg5
53. Kh2 Kf5 54. Ra5+ Ke4 55. Ra7 f5 56. h4 Kd3 57. Kh3 Kc2 58. Ra6 Rg4 59. Ra5
Kb3 60. h5 gxh5 61. Rxf5 a3 62. Rxh5 Rc4 63. Rb5+ Rb4 64. Rf5 a2 65. Rf1 Kb2
66. g4 Rf4 67. Rxf4 a1=Q 68. g5 Qa6 69. Kg4 Kc3 70. Kh5 Qe2+ 71. Rg4 Qe5 72.
Kh6 Qe6+ 73. Kh5 Qf5 74. Kh4 Qh7+ 75. Kg3 Qg6 76. Kh4 Kd3 77. Rg1 Ke3 78. Rg3+
Kf2 79. Ra3 Qh7+ 80. Kg4 Qf7 81. Kh4 Qe7 82. Rc3 Qe4+ 83. Kh5 Qe8+ 84. Kg4 Qd7+
85. Kh5 Qd1+ 86. Kh6 Qh1+ 87. Kg6 Qb1+ 88. Kh6 Qb2 89. Rc8 Kg3 90. Rf8 Kg4 91.
g6 Qh2+ 92. Kg7 Kg5 93. Rg8 Qc7+ 94. Kh8 Kh6 95. g7 Qf7 0-1

[Event "EIWCC 2003"]
[Site "?"]
[Date "2003.06.13"]
[Round "11.23"]
[White "Dzagnidze, Nana"]
[Black "Velikhanli, Firuza"]
[Result "1/2-1/2"]
[WhiteElo "2376"]
[BlackElo "2305"]
[PlyCount "204"]
[EventDate "2003.??.??"]

1. Nf3 Nf6 2. g3 g6 3. b3 Bg7 4. Bb2 O-O 5. Bg2 d5 6. c4 c6 7. O-O Re8 8. d3
Nbd7 9. cxd5 cxd5 10. Nc3 e5 11. Rc1 a6 12. Na4 b6 13. Qc2 b5 14. Nc5 e4 15.
Nd4 Nxc5 16. Qxc5 Bg4 17. Nc6 Qd7 18. f3 exf3 19. exf3 Bh3 20. Ne5 Qe6 21. Bxh3
Qxh3 22. Qc7 Nd7 23. f4 Nxe5 24. fxe5 Qe6 25. Rc6 Rec8 26. Rxe6 Rxc7 27. Rd6
Rc2 28. Ba1 Rxa2 29. Rxd5 Rc8 30. Bd4 Bh6 31. Rd7 Rd2 32. Bb6 Rb2 33. Bc7 Be3+
34. Kh1 Bf2 35. b4 Rd2 36. e6 fxe6 37. Be5 Rcc2 38. g4 Re2 39. d4 Re1 40. Rd8+
Kf7 41. Kg2 Rxf1 42. Kxf1 Be3 43. Rd7+ Ke8 44. Rd6 Rf2+ 45. Ke1 Ra2 46. Rxe6+
Kd7 47. Rd6+ Ke7 48. Rb6 Bd2+ 49. Ke2 Bf4+ 50. Kd3 Bxe5 51. dxe5 Rxh2 52. Rxa6
Rh4 53. Kd4 Rxg4+ 54. Kc5 Re4 55. Kd5 Rxb4 56. Ra7+ Kf8 57. Rxh7 Rb1 58. Ke6 b4
59. Kf6 Rf1+ 60. Kxg6 b3 61. Rb7 Rf3 62. Kg5 Ke8 63. Kg4 Rc3 64. Kf5 Rc6 65.
Rb8+ Ke7 66. Rxb3 Ra6 67. Rb5 Rc6 68. Rb7+ Ke8 69. Ke4 Rh6 70. Ra7 Rb6 71. Kd5
Rh6 72. Ra1 Ke7 73. Kc5 Rg6 74. Ra7+ Ke8 75. Ra1 Ke7 76. Kd5 Rh6 77. Ra7+ Ke8
78. Rg7 Ra6 79. Rc7 Rh6 80. Rc1 Ke7 81. Rg1 Ra6 82. Rh1 Rb6 83. Ke4 Ra6 84. Kf5
Rb6 85. Rh7+ Ke8 86. Rh4 Ke7 87. Re4 Ra6 88. Rb4 Rc6 89. Rb5 Ra6 90. e6 Ra1 91.
Rb7+ Ke8 92. Rb4 Rf1+ 93. Ke5 Re1+ 94. Re4 Rxe4+ 95. Kxe4 Ke7 96. Kd5 Ke8 97.
Ke5 Ke7 98. Kf5 Ke8 99. Kf6 Kf8 100. Ke5 Ke7 101. Kd5 Ke8 102. Kd6 Kd8 1/2-1/2

[Event "EIWCC 2003"]
[Site "?"]
[Date "2003.06.13"]
[Round "11.25"]
[White "Klinova, Masha"]
[Black "Velcheva, Maria"]
[Result "0-1"]
[WhiteElo "2368"]
[BlackElo "2249"]
[PlyCount "68"]
[EventDate "2003.??.??"]

1. e4 e5 2. Bc4 Nf6 3. d3 Nc6 4. Nf3 Be7 5. Nbd2 O-O 6. O-O d6 7. c3 Na5 8. Bb5
a6 9. Ba4 b5 10. Bc2 c5 11. h3 Re8 12. d4 cxd4 13. cxd4 exd4 14. Nxd4 Bb7 15.
Re1 Bf8 16. b3 g6 17. Bb2 Bg7 18. Rc1 Qb6 19. b4 Nc4 20. Nxc4 bxc4 21. Qf3 Qxb4
22. Bc3 Qc5 23. Bb1 Rac8 24. Qf4 d5 25. Nf5 gxf5 26. e5 Ne4 27. Qxf5 Qb6 28.
Re3 Qg6 29. Qf3 Bxe5 30. Bxe5 Rxe5 31. Qe2 d4 32. Rg3 Nxg3 33. Qxe5 Ne2+ 34.
Qxe2 Qxg2# 0-1

[Event "EIWCC 2003"]
[Site "?"]
[Date "2003.06.13"]
[Round "11.26"]
[White "Zielinska, Marta"]
[Black "Makka, Ioulia"]
[Result "1-0"]
[WhiteElo "2430"]
[BlackElo "2234"]
[PlyCount "103"]
[EventDate "2003.??.??"]

1. g3 d5 2. f4 g6 3. Bg2 Bg7 4. Nf3 Nf6 5. O-O O-O 6. e3 Nbd7 7. Qe2 c5 8. Nc3
b6 9. Ne5 Bb7 10. d3 Qc7 11. Nxd7 Qxd7 12. e4 dxe4 13. dxe4 Rad8 14. h3 Qc8 15.
Re1 Qa8 16. a4 a6 17. Kh2 e6 18. Ra3 Bc6 19. Rb3 Nd7 20. e5 Bxg2 21. Qxg2 Qxg2+
22. Kxg2 Rc8 23. Ne4 Rfd8 24. c4 Rb8 25. Rd1 Kf8 26. a5 Ke7 27. axb6 Nxb6 28.
Rxd8 Kxd8 29. Nxc5 Kc8 30. Nxa6 Rb7 31. Nc5 Rb8 32. Ne4 Bf8 33. Be3 Na4 34.
Rxb8+ Kxb8 35. Bd4 Kc7 36. b3 Nb6 37. Ng5 Nd7 38. Nxf7 h6 39. Kf3 Nb8 40. Nh8
Nc6 41. Ke4 g5 42. fxg5 hxg5 43. Nf7 Be7 44. Be3 g4 45. hxg4 Na5 46. g5 Kd7 47.
g6 Bf8 48. Bh6 Ke7 49. Bxf8+ Kxf8 50. Nd8 Kg7 51. Nxe6+ Kxg6 52. Nd4 1-0

[Event "EIWCC 2003"]
[Site "?"]
[Date "2003.06.13"]
[Round "11.27"]
[White "Foisor, Cristina Adela"]
[Black "Calzetta Ruiz, Monica"]
[Result "1-0"]
[WhiteElo "2395"]
[BlackElo "2253"]
[PlyCount "69"]
[EventDate "2003.??.??"]

1. c4 c5 2. g3 g6 3. Bg2 Bg7 4. Nc3 e6 5. Nf3 Nc6 6. d4 Nxd4 7. Nxd4 cxd4 8.
Ne4 Ne7 9. Nd6+ Kf8 10. Nxb7 Qc7 11. Nd6 Rb8 12. Nxc8 Rxc8 13. O-O Qxc4 14. Bf4
Qc2 15. Rc1 Qxd1 16. Rfxd1 f5 17. Bb7 Rxc1 18. Rxc1 e5 19. Bd2 Kf7 20. Rc7 Ke6
21. Bb4 Rb8 22. Ba3 Bf6 23. Ba6 Rb6 24. Rxa7 Rc6 25. Kg2 d5 26. Bb5 Rc2 27. Be8
d3 28. exd3 e4 29. Ra6+ Ke5 30. d4+ Kxd4 31. Rxf6 e3 32. Bxe7 Rxf2+ 33. Kh3
Rxb2 34. Re6 Rxa2 35. Bg5 1-0

[Event "EIWCC 2003"]
[Site "?"]
[Date "2003.06.13"]
[Round "11.28"]
[White "Stepovaia-Dianchenko, Tatiana"]
[Black "Stjazhkina, Olga"]
[Result "1/2-1/2"]
[WhiteElo "2394"]
[BlackElo "2313"]
[PlyCount "53"]
[EventDate "2003.??.??"]

1. e4 Nc6 2. Nf3 f5 3. exf5 d5 4. d4 Bxf5 5. Bf4 e6 6. Bb5 Bd6 7. Ne5 Nge7 8.
Qh5+ Bg6 9. Nxg6 Nxg6 10. Bg5 Be7 11. h4 Qd6 12. Bxe7 Qxe7 13. c3 O-O 14. Nd2
e5 15. O-O exd4 16. Qxd5+ Kh8 17. Rae1 Qxh4 18. Nf3 Qg4 19. Nh2 Qf4 20. g3 Rf5
21. Qe4 Qg5 22. Bxc6 bxc6 23. cxd4 Raf8 24. Qxc6 Nf4 25. Re8 h5 26. Rxf8+ Rxf8
27. Kh1 1/2-1/2

[Event "EIWCC 2003"]
[Site "?"]
[Date "2003.06.13"]
[Round "11.29"]
[White "Sharevich, Anna"]
[Black "Houska, Jovanka"]
[Result "1/2-1/2"]
[WhiteElo "2252"]
[BlackElo "2386"]
[PlyCount "113"]
[EventDate "2003.??.??"]

1. d4 d5 2. Nf3 Nf6 3. c4 c6 4. Nc3 a6 5. a4 e6 6. g3 Nbd7 7. Bg2 Bb4 8. O-O
O-O 9. Bf4 b6 10. Nd2 a5 11. Qc2 Ba6 12. b3 Rc8 13. e4 c5 14. dxc5 d4 15. Na2
Bxc5 16. e5 Nh5 17. Ne4 Nxf4 18. gxf4 Qh4 19. Qd2 f6 20. exf6 Nxf6 21. Nxc5
bxc5 22. Rae1 Rce8 23. Qxa5 Qxf4 24. h3 Qd6 25. Nc1 Nh5 26. Nd3 Rf5 27. f4 Ref8
28. Qd2 Bc8 29. Re5 Qb8 30. Rxf5 Rxf5 31. Be4 Rf6 32. Qa5 Ng3 33. Qd8+ Rf8 34.
Bxh7+ Kxh7 35. Qh4+ Kg8 36. Qxg3 Qxb3 37. Kh2 Bb7 38. Nxc5 Qxc4 39. Nd3 Qc2+
40. Nf2 Qxa4 41. Rg1 Rf7 42. h4 Qb5 43. Ng4 Qe2+ 44. Kh3 Be4 45. Nf6+ Kf8 46.
Qa3+ Re7 47. Nd7+ Ke8 48. Ne5 Bf5+ 49. Kg3 Qe3+ 50. Qxe3 dxe3 51. Re1 Rc7 52.
Rxe3 Rc1 53. Nf3 Ke7 54. Nd4 Kf6 55. Nxf5 Kxf5 56. Re5+ Kf6 57. h5 1/2-1/2

[Event "EIWCC 2003"]
[Site "?"]
[Date "2003.06.13"]
[Round "11.32"]
[White "Zaiatz, Elena"]
[Black "Shukurova, Meihriban"]
[Result "0-1"]
[WhiteElo "2339"]
[BlackElo "2250"]
[PlyCount "59"]
[EventDate "2003.??.??"]

1. d4 Nf6 2. c4 c5 3. d5 b5 4. cxb5 a6 5. bxa6 g6 6. Nc3 Bg7 7. g3 d6 8. Bg2
O-O 9. Nf3 Bxa6 10. O-O Nbd7 11. Rb1 Ng4 12. Qc2 Nge5 13. Nxe5 Nxe5 14. a4 Qa5
15. b3 Rfb8 16. Bd2 Qd8 17. h3 Ra7 18. f4 Nd7 19. Bf3 Rab7 20. Na2 Rc7 21. Rfc1
Rcc8 22. Qd1 e5 23. b4 cxb4 24. Rxc8 Bxc8 25. Kh2 Nc5 26. Rxb4 Ra8 27. Bg2 Bd7
28. Nc3 exf4 29. gxf4 Qe8 30. Nb5 0-1

[Event "EIWCC 2003"]
[Site "?"]
[Date "2003.06.13"]
[Round "11.33"]
[White "Sikorova, Olga"]
[Black "Sedina, Elena"]
[Result "1/2-1/2"]
[WhiteElo "2261"]
[BlackElo "2434"]
[PlyCount "51"]
[EventDate "2003.??.??"]

1. f4 d5 2. Nf3 g6 3. e3 Bg7 4. Be2 Nh6 5. O-O c6 6. Nc3 Bg4 7. d3 Nf5 8. Ne5
Bxe2 9. Qxe2 d4 10. Nd1 dxe3 11. Nxe3 Nxe3 12. Qxe3 Nd7 13. b3 c5 14. Bb2 O-O
15. Rab1 Rc8 16. a4 b6 17. Kh1 Nxe5 18. fxe5 Rc6 19. Rbe1 Re6 20. Qh3 Qc8 21.
Re4 h5 22. Qe3 Qc7 23. Re1 Rd8 24. Qf3 Rf8 25. Qe3 Rd8 26. Qf3 1/2-1/2

[Event "EIWCC 2003"]
[Site "?"]
[Date "2003.06.13"]
[Round "11.34"]
[White "Kononenko, Tatiana"]
[Black "Blazkova, Petra"]
[Result "1-0"]
[WhiteElo "2370"]
[BlackElo "2218"]
[PlyCount "92"]
[EventDate "2003.??.??"]

1. d4 Nf6 2. c4 c5 3. d5 e6 4. Nc3 exd5 5. cxd5 Bd6 6. Nf3 Bc7 7. d6 Ba5 8. Bg5
Qb6 9. Bxf6 Qxb2 10. Bxg7 Rg8 11. Rb1 Bxc3+ 12. Bxc3 Qxc3+ 13. Nd2 Rg6 14. Rb3
Qa5 15. Qa1 Rxd6 16. Qe5+ Re6 17. Qh8+ Ke7 18. Qxc8 Nc6 19. Qxa8 c4 20. Qxb7
cxb3 21. Qxb3 Nd4 22. Qd3 Rd6 23. e3 Nb5 24. Qe4+ Kd8 25. Bd3 Qc3 26. Ke2 Qb2
27. Qh4+ f6 28. Bxb5 Qxd2+ 29. Kf3 Qd5+ 30. Qe4 Qxb5 31. Rb1 Qh5+ 32. g4 Qh3+
33. Ke2 Rb6 34. Rxb6 axb6 35. Qf4 Ke7 36. a4 Qg2 37. h4 Qc6 38. g5 Qc2+ 39. Kf3
fxg5 40. hxg5 Qd1+ 41. Kg2 Qd5+ 42. Kg3 d6 43. Qh4 Ke8 44. f3 Qe5+ 45. Qf4 Qg7
46. Qe4+ Kd8 1-0

[Event "EIWCC 2003"]
[Site "?"]
[Date "2003.06.13"]
[Round "11.35"]
[White "Milliet, Sophie"]
[Black "Calotescu, Cristina"]
[Result "1-0"]
[WhiteElo "2240"]
[BlackElo "2334"]
[PlyCount "61"]
[EventDate "2003.??.??"]

1. e4 c5 2. Nc3 d6 3. f4 Nc6 4. Nf3 g6 5. Bc4 Bg7 6. d3 e6 7. O-O Nge7 8. Qe1
O-O 9. f5 gxf5 10. Qh4 fxe4 11. dxe4 Nd4 12. Qh5 f6 13. Nxd4 cxd4 14. Ne2 Nc6
15. Nf4 Qe8 16. Qh3 f5 17. exf5 d5 18. Bd3 e5 19. Nxd5 e4 20. Bc4 Kh8 21. Bg5
Na5 22. Be2 Be5 23. Bh5 Qd7 24. Bg6 Nc6 25. Ne7 Rf7 26. Bxf7 Nxe7 27. Qh6 Bg7
28. Bf6 Nxf5 29. Rxf5 Qxf7 30. Bxg7+ Qxg7 31. Rf8+ 1-0

[Event "EIWCC 2003"]
[Site "?"]
[Date "2003.06.13"]
[Round "11.37"]
[White "Jiretorn, Eva"]
[Black "Chasovnikova, Eugenia"]
[Result "1-0"]
[WhiteElo "2106"]
[BlackElo "2319"]
[PlyCount "119"]
[EventDate "2003.??.??"]

1. d4 e6 2. c4 b6 3. a3 Bb7 4. Nc3 f5 5. d5 Nf6 6. g3 Bd6 7. Bg2 Be5 8. Nb5 a6
9. Nd4 b5 10. Ndf3 Bd6 11. dxe6 dxe6 12. cxb5 axb5 13. Nh3 O-O 14. O-O Qe8 15.
Nd4 Bxg2 16. Kxg2 Na6 17. Ng5 Nc5 18. b4 Nce4 19. Ngxe6 Rf7 20. Qb3 Be5 21. f3
c5 22. fxe4 Bxd4 23. Nxd4 cxd4 24. Rxf5 Qxe4+ 25. Qf3 Re8 26. Qxe4 Rxe4 27. Ra2
Rfe7 28. Kf3 R7e5 29. Rxe5 Rxe5 30. Bf4 Rd5 31. Rd2 g5 32. Bc7 g4+ 33. Kf4 Rh5
34. Bd8 Kf7 35. Bxf6 Kxf6 36. Rxd4 Rxh2 37. Rd6+ Ke7 38. Rd5 h5 39. Rxb5 Rf2+
40. Kg5 Rxe2 41. Kxh5 Re3 42. Kxg4 Rxa3 43. Kf4 Kf6 44. Rb6+ Kg7 45. g4 Rb3 46.
Kg5 Rd3 47. Rb7+ Kf8 48. b5 Rd5+ 49. Kg6 Rd6+ 50. Kh5 Rd5+ 51. g5 Rd6 52. b6
Kg8 53. g6 Rd1 54. Rf7 Rh1+ 55. Kg5 Rg1+ 56. Kf6 Rf1+ 57. Ke6 Re1+ 58. Kd7 Rd1+
59. Kc8 Rc1+ 60. Rc7 1-0

[Event "EIWCC 2003"]
[Site "?"]
[Date "2003.06.13"]
[Round "11.39"]
[White "Galojan, Lilit"]
[Black "Llaneza Vega, Patricia"]
[Result "1-0"]
[WhiteElo "2242"]
[BlackElo "2294"]
[PlyCount "97"]
[EventDate "2003.??.??"]

1. d4 Nf6 2. c4 g6 3. Nc3 Bg7 4. e4 d6 5. f3 O-O 6. Be3 Nc6 7. Qd2 a6 8. Nge2
Rb8 9. Nc1 e5 10. Nb3 exd4 11. Nxd4 Re8 12. Be2 Nh5 13. Nxc6 bxc6 14. g4 Nf6
15. O-O-O Bxg4 16. Bg5 Be6 17. h4 Qc8 18. h5 Qb7 19. hxg6 fxg6 20. Rh4 Qb4 21.
Rdh1 Nh5 22. Rg1 Bf7 23. Be3 Bxc3 24. Qxc3 Qxc3+ 25. bxc3 Ng7 26. Bd4 a5 27.
Bd3 a4 28. f4 c5 29. Bf6 a3 30. Rg2 Re6 31. Bg5 h5 32. Rh1 Ree8 33. f5 Kh7 34.
Bf6 Re5 35. Rhg1 Kg8 36. Bxe5 dxe5 37. fxg6 Be6 38. Rg5 Bg4 39. Rxe5 Ne6 40.
Rxg4 hxg4 41. Rxe6 g3 42. Re5 Rf8 43. Rg5 Rf3 44. Kd2 Kg7 45. Be2 Rf8 46. Rxg3
Rb8 47. Bd3 Rb2+ 48. Bc2 Rxa2 49. Rg1 1-0

[Event "EIWCC 2003"]
[Site "?"]
[Date "2003.06.13"]
[Round "11.42"]
[White "Arakhamia-Grant, Ketevan"]
[Black "Kadziolka, Beata"]
[Result "1-0"]
[WhiteElo "2413"]
[BlackElo "2206"]
[PlyCount "89"]
[EventDate "2003.??.??"]

1. e4 c5 2. Nf3 d6 3. d4 cxd4 4. Nxd4 Nf6 5. Nc3 a6 6. f4 e5 7. Nf3 Nbd7 8. a4
Be7 9. Bd3 O-O 10. O-O exf4 11. Kh1 Ne5 12. Bxf4 Ng6 13. Be3 Be6 14. Qd2 Rc8
15. Nd4 Ne5 16. Nf5 Bxf5 17. Rxf5 Re8 18. Bd4 Nc6 19. Bg1 g6 20. Rff1 Ne5 21.
Rae1 Bf8 22. Bd4 Bg7 23. Qf2 Qe7 24. h3 Qe6 25. Qh4 Nfd7 26. Be2 h5 27. Rd1 Nc4
28. Bxg7 Kxg7 29. Bxc4 Rxc4 30. Rd3 Nc5 31. Rdf3 Nxe4 32. Rxf7+ Qxf7 33. Rxf7+
Kxf7 34. Nd5 Rxc2 35. b4 Re5 36. Kh2 Kg7 37. Qd8 Rd2 38. Qd7+ Kh6 39. Nf4 Kg5
40. Qf7 Rf5 41. Ne6+ Kh4 42. Qxg6 Rdf2 43. Ng7 Rxg2+ 44. Qxg2 Rf2 45. Nf5+ 1-0

[Event "EIWCC 2003"]
[Site "?"]
[Date "2003.06.13"]
[Round "11.44"]
[White "Gerasimovitch, Olga"]
[Black "Medic, Mirjana"]
[Result "0-1"]
[WhiteElo "2200"]
[BlackElo "2290"]
[PlyCount "98"]
[EventDate "2003.??.??"]

1. d4 d5 2. c4 c6 3. Nf3 e6 4. cxd5 exd5 5. Nc3 Bf5 6. Bg5 Be7 7. Bxe7 Qxe7 8.
e3 Nf6 9. Bd3 Bxd3 10. Qxd3 Nbd7 11. O-O Ne4 12. Rab1 O-O 13. b4 a6 14. a4 h6
15. Rfc1 f5 16. g3 Qe6 17. Ne2 g5 18. b5 axb5 19. axb5 Ra2 20. bxc6 bxc6 21.
Ne5 Nxe5 22. dxe5 c5 23. f4 g4 24. Rb6 Qxb6 25. Qxd5+ Kh8 26. Qxa2 c4 27. Nd4
c3 28. Rb1 Qc5 29. Rb5 Qc7 30. Nc2 Rd8 31. Rd5 Rxd5 32. Qxd5 Qb8 33. Qd1 Nd2
34. Kf2 Qb3 35. Qc1 Qc4 36. Nd4 Qd3 37. e6 Kg8 38. e7 Kf7 39. Nc6 Ke8 40. Nd4
Ne4+ 41. Ke1 Nd2 42. Kf2 h5 43. Nc2 Nf3 44. Nd4 Nd2 45. Nc2 h4 46. gxh4 Ne4+
47. Ke1 g3 48. hxg3 Nxg3 49. Kf2 Qd2+ 0-1

[Event "EIWCC 2003"]
[Site "?"]
[Date "2003.12.06"]
[Round "11.45"]
[White "Yildiz, Betul Cemre"]
[Black "Nill, Jessica"]
[Result "1/2-1/2"]
[WhiteElo "2119"]
[BlackElo "2271"]
[PlyCount "46"]
[EventDate "2003.??.??"]

1. d4 d5 2. Nf3 c6 3. e3 Nf6 4. Bd3 Bg4 5. Nbd2 e6 6. c3 Nbd7 7. O-O Bd6 8. e4
dxe4 9. Nxe4 Nxe4 10. Bxe4 Nf6 11. Bd3 O-O 12. Re1 Re8 13. Bg5 Be7 14. Be2 h6
15. Bxf6 Bxf6 16. Ne5 Bxe5 17. Bxg4 Bf6 18. Qc2 Qa5 19. a3 Rad8 20. Rad1 c5 21.
dxc5 Qxc5 22. Bf3 b6 23. g3 Rxd1 1/2-1/2

[Event "EIWCC 2003"]
[Site "?"]
[Date "2003.06.13"]
[Round "11.46"]
[White "Dergatschova-Daus, Anna"]
[Black "Andersson, Christin"]
[Result "1-0"]
[WhiteElo "2250"]
[BlackElo "2142"]
[PlyCount "83"]
[EventDate "2003.??.??"]

1. Nf3 d5 2. d4 c6 3. e3 Bg4 4. Bd3 Nd7 5. h3 Bh5 6. c4 e6 7. Nbd2 Ngf6 8. Qc2
Bg6 9. b3 Bb4 10. O-O O-O 11. Bxg6 hxg6 12. Bb2 Bd6 13. Ne5 Bb8 14. f4 Nxe5 15.
fxe5 Nd7 16. Rf3 c5 17. Raf1 Qg5 18. cxd5 exd5 19. Ba3 b6 20. b4 cxd4 21. exd4
Bxe5 22. dxe5 Nxe5 23. Rc3 d4 24. Nf3 Qd8 25. Rb3 Rc8 26. Qd1 Nc4 27. Nxd4 Re8
28. Bc1 Re4 29. Nf3 Qe8 30. Ng5 Re2 31. Nxf7 Qe4 32. Rbf3 Rxa2 33. Qd7 Qc6 34.
Qxc6 Rxc6 35. Ng5 Rc8 36. Ne6 g5 37. Rf7 Re8 38. Rxg7+ Kh8 39. Rc7 Nd6 40. Bxg5
Ne4 41. Bf6+ Nxf6 42. Rxf6 1-0

[Event "EIWCC 2003"]
[Site "?"]
[Date "2003.06.13"]
[Round "11.47"]
[White "Richards, Heather"]
[Black "Muhren, Bianca"]
[Result "1-0"]
[WhiteElo "2237"]
[BlackElo "2092"]
[PlyCount "195"]
[EventDate "2003.??.??"]

1. e4 c5 2. c3 d5 3. exd5 Qxd5 4. d4 Nf6 5. Be3 cxd4 6. cxd4 e6 7. Nc3 Bb4 8.
Nf3 O-O 9. Bd3 b6 10. O-O Bxc3 11. bxc3 Ba6 12. Bxa6 Nxa6 13. Ne5 Rac8 14. Qd3
Nb8 15. c4 Qe4 16. Qa3 Qb7 17. Bg5 Ne4 18. Be3 f6 19. Nd3 Rxc4 20. Qb3 Rfc8 21.
Rfe1 Kh8 22. Rac1 Rxc1 23. Bxc1 Qd5 24. Qa4 Nc6 25. Nf4 Qxd4 26. Rxe4 Qxa4 27.
Rxa4 e5 28. Nd3 b5 29. Re4 f5 30. Re1 e4 31. Nf4 Kg8 32. Bb2 Rd8 33. Bxg7 Rd2
34. Bf6 Rxa2 35. g4 fxg4 36. Rxe4 a5 37. Nd5 Kf7 38. Bh8 b4 39. Kg2 b3 40. Rc4
Rc2 41. Rxc2 bxc2 42. Bb2 Ne5 43. Nf4 Nc4 44. Bc1 Kf6 45. Nd3 Kf5 46. Ne1 h5
47. Nxc2 Ke4 48. Ne3 Ne5 49. Kg3 a4 50. Bb2 Nf3 51. Ba3 h4+ 52. Kxg4 Nxh2+ 53.
Kh3 Nf3 54. Ng2 Kd3 55. Nf4+ Ke4 56. Ne6 Kd3 57. Kg4 Ke2 58. Nf4+ Kxf2 59. Bc5+
Ke1 60. Kxf3 Kd2 61. Ke4 Kc3 62. Be7 Kc4 63. Bxh4 a3 64. Bf6 a2 65. Ne2 Kc5 66.
Nc1 Kc4 67. Nxa2 Kc5 68. Nc1 Kc6 69. Nb3 Kd6 70. Be5+ Kc6 71. Kd4 Kb6 72. Kd5
Kb7 73. Kc5 Ka6 74. Kc6 Ka7 75. Nd4 Ka8 76. Bd6 Ka7 77. Nb5+ Ka8 78. Nc7+ Ka7
79. Bc5+ Kb8 80. Bd4 Kc8 81. Ba7 Kd8 82. Nd5 Ke8 83. Kd6 Kf7 84. Ne7 Kf6 85.
Be3 Kf7 86. Bd4 Ke8 87. Ke6 Kd8 88. Bb6+ Ke8 89. Ba5 Kf8 90. Nf5 Ke8 91. Ng7+
Kf8 92. Kf6 Kg8 93. Kg6 Kh8 94. Bb4 Kg8 95. Nf5 Kh8 96. Bc5 Kg8 97. Nh6+ Kh8
98. Bd4# 1-0

[Event "EIWCC 2003"]
[Site "?"]
[Date "2003.06.13"]
[Round "11.48"]
[White "Sasu-Ducsoara, Andreea"]
[Black "Papadopoulou, Vera"]
[Result "1/2-1/2"]
[WhiteElo "2193"]
[BlackElo "2230"]
[PlyCount "57"]
[EventDate "2003.??.??"]

1. e4 c5 2. Nf3 d6 3. d4 cxd4 4. Nxd4 Nf6 5. Nc3 a6 6. Bc4 e6 7. Bb3 Be7 8. g4
h6 9. g5 hxg5 10. Bxg5 Qa5 11. Qd2 Nc6 12. Nxc6 bxc6 13. O-O-O Bb7 14. f4 O-O-O
15. h4 Qc7 16. Qe2 Nh5 17. Bxe7 Qxe7 18. Qf2 g6 19. Rh3 Qf6 20. Rf1 Qe7 21. Qa7
Qc7 22. Na4 Qb8 23. Qf2 Qc7 24. c4 Nf6 25. Bc2 Nd7 26. c5 Nxc5 27. Nxc5 dxc5
28. Qxc5 Qd6 29. Qa5 1/2-1/2

[Event "EIWCC 2003"]
[Site "?"]
[Date "2003.06.13"]
[Round "11.49"]
[White "Genova, Ruzka"]
[Black "Nagel-Seirawan, Yvette"]
[Result "1-0"]
[WhiteElo "2239"]
[BlackElo "2068"]
[PlyCount "123"]
[EventDate "2003.??.??"]

1. d4 Nf6 2. Nf3 e6 3. c4 b6 4. g3 Ba6 5. b3 Bb7 6. Bg2 Bb4+ 7. Bd2 Be7 8. Nc3
O-O 9. O-O Na6 10. Re1 Ne4 11. Nxe4 Bxe4 12. a3 c5 13. Bc3 Bf6 14. Rc1 d5 15.
cxd5 Qxd5 16. dxc5 Bxc3 17. Rxc3 bxc5 18. Bf1 Rfd8 19. Qxd5 Rxd5 20. Rec1 Rad8
21. Ne1 Rd1 22. f3 Bb7 23. Nd3 Rxc1 24. Rxc1 Rc8 25. e4 Kf8 26. Kf2 Ke7 27. Ke3
g5 28. Ne5 Nb8 29. Nc4 Nc6 30. e5 Rc7 31. f4 gxf4+ 32. gxf4 Nd4 33. Na5 Nf5+
34. Kf2 Kd7 35. Bb5+ Kc8 36. Bd3 Bd5 37. Ba6+ Kd8 38. Rc3 h6 39. Bd3 Nd4 40.
Ke3 Rc8 41. b4 cxb4 42. Rxc8+ Kxc8 43. Kxd4 bxa3 44. Kc3 a2 45. Kb2 Kc7 46. Bc4
Bxc4 47. Nxc4 Kc6 48. Kxa2 Kd5 49. Nd6 f6 50. Nf7 fxe5 51. fxe5 h5 52. Kb3 Ke4
53. Kc4 h4 54. h3 Kf4 55. Kd4 a5 56. Nd8 Kg3 57. Nxe6 Kxh3 58. Nf4+ Kg4 59. e6
Kxf4 60. e7 h3 61. e8=Q Kg3 62. Qg6+ 1-0

[Event "EIWCC 2003"]
[Site "?"]
[Date "2003.06.13"]
[Round "11.51"]
[White "Seps, Monika"]
[Black "Kharashkina, Bairta"]
[Result "1/2-1/2"]
[WhiteElo "2095"]
[BlackElo "2182"]
[PlyCount "157"]
[EventDate "2003.??.??"]

1. e4 c6 2. d4 d5 3. Nc3 g6 4. e5 Bg7 5. f4 h5 6. Be3 Nh6 7. h3 h4 8. Nf3 Nf5
9. Bf2 e6 10. Bd3 Bf8 11. Ne2 b6 12. b3 Bb7 13. O-O Be7 14. c4 Nd7 15. Nc3 a6
16. Qe2 a5 17. cxd5 cxd5 18. Rac1 Kf8 19. Rc2 Nb8 20. Bb5 Na6 21. Nb1 Nc7 22.
Bd3 Ng7 23. Rfc1 Nge8 24. Ng5 Ba6 25. Bxa6 Nxa6 26. a3 Bxg5 27. fxg5 Qxg5 28.
Be3 Qe7 29. Qg4 Rh5 30. Rf2 Rf5 31. Bh6+ Ng7 32. Rfc2 Kg8 33. Nd2 Rh5 34. Bf4
Nf5 35. Nf3 Rf8 36. Bg5 Qxa3 37. Rc8 Nb8 38. Nxh4 Qb4 39. Nxf5 exf5 40. Qf4 Nd7
41. Rxf8+ Qxf8 42. Rc7 Qe8 43. Qc1 Nf8 44. Bf6 Qb5 45. Qa3 Qb4 46. Qxb4 axb4
47. Rc8 f4 48. Be7 Rf5 49. Rxf8+ Kh7 50. Bf6 g5 51. Rxf7+ Kg6 52. Rb7 f3 53.
Rg7+ Kh6 54. g4 f2+ 55. Kf1 Rf3 56. Rg8 Rxb3 57. Kxf2 Rb2+ 58. Ke3 Rb1 59.
Bxg5+ Kh7 60. Rb8 b3 61. Rxb6 b2 62. Kd2 Rh1 63. Rxb2 Rxh3 64. Bf6 Kg6 65. g5
Kf5 66. Rb1 Rg3 67. Rf1+ Ke6 68. Ke2 Rg4 69. Ke3 Rg3+ 70. Rf3 Rg1 71. Rf4 Kf7
72. Kf2 Ra1 73. Rg4 Kg6 74. e6 Kf5 75. e7 Ra2+ 76. Kg3 Ra3+ 77. Kh4 Rd3 78.
e8=Q Rh3+ 79. Kxh3 1/2-1/2

[Event "EIWCC 2003"]
[Site "?"]
[Date "2003.12.06"]
[Round "11.52"]
[White "Cavusoglu, Yildiz"]
[Black "Stiri, Alexandra"]
[Result "0-1"]
[WhiteElo "2045"]
[BlackElo "2178"]
[PlyCount "69"]
[EventDate "2003.??.??"]

1. d4 Nf6 2. Nf3 e6 3. c4 c5 4. e3 b6 5. Be2 Bb7 6. Nc3 cxd4 7. exd4 a6 8. O-O
Qc7 9. d5 Bb4 10. Nd4 O-O 11. Bg5 Bxc3 12. Bxf6 Bb4 13. Bh4 Bd6 14. Bg3 Bxg3
15. fxg3 exd5 16. cxd5 Bxd5 17. Nf5 Qc5+ 18. Kh1 Bc4 19. Bxc4 Qxc4 20. Rf4 Qe6
21. Qd4 f6 22. Qc3 Nc6 23. Re1 Ne5 24. Nd4 Qxa2 25. Nf3 Rac8 26. Qd2 Qe6 27.
Nd4 Qd5 28. Qe2 Rfe8 29. Re4 Qc4 30. Qe3 d5 31. Nf5 Qxe4 32. Qd4 Rf8 33. Ne7+
Kh8 34. Rxe4 Ra8 35. Qd1 0-1